000 00341nam a2200157Ia 4500
005 20251020182610.0
008 200515s9999 xx 000 0 und d
082 _aSC/622.23/S19
100 _aSAMAME BOGGIO, Mario
245 0 _aEl PerĂº Minero
260 _aLima
260 _c1981
650 _aMINERIA
650 _aPERU
942 _cLIB
999 _c3301
_d3301